Statistics for Charmed Trivia Quiz

Click here to take the quiz!

General Stats

  • This quiz has been taken 434 times
    (418 since last reset)
  • The average score is 12 of 15

Answer Stats

HintAnswer% Correct
Who was the sister that got possessed by Mata Hari's karma?Phoebe
99%
Which sister was turned into a Banshee?Phoebe
99%
Name the character who was turned into a Furie.Piper
99%
Who was turned into an Earth Goddess?Piper
99%
Which sister in season 1 was turned into a Wendigo?Piper
99%
After a spell gone awry, which sister was turned into a Husky/Dog?Prue
99%
Out of the four sisters who was turned into a Man?Prue
99%
Which sister was changed into a Nymph?Paige
97%
Which caharcter grew boobs like Betty Boop after she casted a revenge spell?Paige
97%
Which character was infected with the deadly sin Sloth?Leo
95%
Which one of Piper's son's was turned into a Spider Demon?Chris
93%
Name the character that was magically turned into an Old Man?Dan
47%
Name the boyfriend who turned into a Genie.Richard
35%
Give the two names that were possessed by the same Eygptian Goddess.Phoebe and Paige
34%
Which character was transformed into a wolf?Grams
18%

Score Distribution

Percentile by Number Answered

Percent of People with Each Score

Your Score History

You have not taken this quiz since the last reset